Cryptogram: Countries! Quiz Stats

 Plays Quiz Updated Feb 28, 2012

Also try: Movie Cryptogram
Challenge
Share
Tweet
Embed
Score 0/15 Timer 07:00
6 Plays Today
Cryptogram Country % Correct
J W Q XCHAD
88%
Q C X U H H QANDORRA
74%
R L Q P CSPAIN
73.9%
C U H O Q TNORWAY
66.6%
P R H Q K FISRAEL
64.5%
L U F Q C XPOLAND
64.2%
X U G P C P J QDOMINICA
64.2%
L W P F P L L P C K RPHILIPPINES
57.8%
Cryptogram Country % Correct
G K A P J UMEXICO
53.2%
B I T Q C QGUYANA
51.9%
B I P C K QGUINEA
50.7%
S Q C E Q C P QTANZANIA
50%
Y Q E Q Y W R S Q CKAZAKHSTAN
42.9%
N P K S C Q GVIETNAM
41.5%
Y P H P Z Q S PKIRIBATI
37.8%

You're not logged in!

Compare scores with friends on all Sporcle quizzes.
OR
Log In

You Might Also Like...

Show Comments

Extras

Top Quizzes Today


Score Distribution

Your Account Isn't Verified!

In order to create a playlist on Sporcle, you need to verify the email address you used during registration. Go to your Sporcle Settings to finish the process.

Report this User

Report this user for behavior that violates our Community Guidelines.

Details: